[Event "Titled Tue 24th Jun Early"]
[Site "chess.com INT"]
[Date "2025.06.24"]
[Round "4"]
[White "Young, Cohen"]
[Black "Rahmilevitz, Anton"]
[Result "0-1"]
[WhiteTitle "CM"]
[WhiteElo "2060"]
[BlackElo "2243"]
[WhiteFideId "4317440"]
[BlackFideId "2809699"]
[EventDate "2025.06.24"]

1. e4 c5 2. Nf3 d6 3. d4 cxd4 4. Nxd4 Nf6 5. Nc3 a6 6. f3 e5 7. Nb3 Be7 8. Be3
Be6 9. Qd2 Nbd7 10. g4 Qc7 11. g5 Nh5 12. O-O-O Rc8 13. Kb1 b5 14. Ne2 Nb6 15.
Ng3 Nf4 16. h4 Nc4 17. Bxc4 bxc4 18. Nc1 c3 19. Qxc3 Qxc3 20. bxc3 Rxc3 21. Nd3
O-O 22. Nf5 Rb8+ 23. Kc1 Bxf5 24. Bxf4 Be6 25. Nxe5 dxe5 26. Bxe5 Rcc8 27. Bxb8
Rxb8 28. Rd4 Bxa2 29. Ra4 Rb1+ 30. Kd2 Rxh1 31. Rxa2 Rxh4 32. Rxa6 g6 33. Ra5
Rh2+ 34. Kd3 Rg2 35. f4 Rg3+ 36. Kd4 Kg7 37. c4 Bb4 38. Ra7 Bd2 39. Ke5 Rd3 40.
f5 Bxg5 41. c5 Bf6+ 42. Kf4 g5+ 43. Kg4 Rd4 44. Kf3 Rc4 45. Ra5 h5 46. e5 Bxe5
47. c6 Bf6 48. Ra6 g4+ 49. Kg3 h4+ 50. Kg2 Rc2+ 51. Kg1 h3 52. Kh1 g3 53. Ra4
g2+ 54. Kh2 Be5+ 55. Kxh3 g1=Q 56. Rg4+ Qxg4+ 57. Kxg4 Rxc6 0-1

[Event "Titled Tue 24th Jun Early"]
[Site "chess.com INT"]
[Date "2025.06.24"]
[Round "4"]
[White "Lam, Paul G M"]
[Black "Krzesaj, Robert"]
[Result "1-0"]
[BlackTitle "FM"]
[WhiteElo "2110"]
[BlackElo "2391"]
[WhiteFideId "411566"]
[BlackFideId "1123521"]
[EventDate "2025.06.24"]

1. e4 c6 2. d3 d5 3. Nd2 e5 4. Ngf3 Bd6 5. g3 Nf6 6. Bg2 O-O 7. O-O Re8 8. a4 a5
9. c3 h6 10. Re1 Nbd7 11. Qc2 dxe4 12. Nxe4 Nxe4 13. dxe4 Nc5 14. Be3 Qc7 15.
Nd2 b5 16. axb5 cxb5 17. Bf1 Bd7 18. b4 Na4 19. bxa5 Rxa5 20. Nb3 Raa8 21. c4 b4
22. c5 Rec8 23. Rec1 Bf8 24. f4 Nc3 25. Rxa8 Rxa8 26. fxe5 Qxe5 27. Bd4 Qe6 28.
Bxc3 bxc3 29. Qxc3 Rc8 30. Nd4 Qxe4 31. Bg2 Qe5 32. c6 Bg4 33. Nf3 Qe6 34. Nd4
Qa2 35. h3 Bh5 36. g4 Bg6 37. c7 Bd6 38. Nb5 Bf4 39. Rf1 Bd2 40. Qc6 Be3+ 41.
Kh1 Bd3 42. Bd5 Bxf1 43. Bxa2 Bxb5 44. Bxf7+ Kxf7 45. Qxb5 1-0

[Event "Titled Tue 24th Jun Early"]
[Site "chess.com INT"]
[Date "2025.06.24"]
[Round "4"]
[White "Nugumanov, Bakhtiyar"]
[Black "Redor, Menandro"]
[Result "0-1"]
[WhiteTitle "IM"]
[WhiteElo "2305"]
[BlackElo "2021"]
[WhiteFideId "13701797"]
[BlackFideId "5222010"]
[EventDate "2025.06.24"]

1. e4 c6 2. Nc3 d5 3. Nf3 Bg4 4. h3 Bxf3 5. Qxf3 dxe4 6. Nxe4 Nd7 7. Bc4 e6 8.
d4 Ngf6 9. Bg5 Be7 10. Nxf6+ Nxf6 11. c3 O-O 12. O-O Qa5 13. Bf4 Rad8 14. a4 Rd7
15. b4 Qd8 16. a5 a6 17. Rad1 Nd5 18. Bxd5 cxd5 19. Qd3 Bd6 20. Bd2 Rc7 21. Ra1
Rc4 22. Rfb1 Qd7 23. Rb3 Rfc8 24. Rab1 Qb5 25. g3 e5 26. dxe5 Bxe5 27. h4 h6 28.
h5 Bf6 29. Rc1 d4 30. Qf3 dxc3 31. Bxc3 Qc6 32. Bxf6 Rxc1+ 33. Kg2 gxf6 34. Qxc6
R8xc6 35. b5 axb5 36. Rxb5 Rc7 37. Rb6 R1c6 38. Rb5 Rc5 39. Rb6 Kg7 40. a6 bxa6
41. Rxa6 Rc2 42. g4 R7c4 43. Kg3 R4c3+ 44. f3 Rb3 45. Ra5 Rbc3 46. Rf5 Rc5 47.
Rf4 R2c4 48. Rxc4 Rxc4 49. Kh4 f5 50. Kg3 fxg4 51. fxg4 Kf6 52. Kf3 Kg5 0-1

[Event "Titled Tue 24th Jun Early"]
[Site "chess.com INT"]
[Date "2025.06.24"]
[Round "4"]
[White "Auribault, Louis"]
[Black "Li, Yilin"]
[Result "0-1"]
[WhiteTitle "FM"]
[BlackTitle "WFM"]
[WhiteElo "2096"]
[BlackElo "1922"]
[WhiteFideId "45196591"]
[BlackFideId "8610410"]
[EventDate "2025.06.24"]

1. e4 c5 2. Nc3 e6 3. f4 d6 4. Nf3 Nc6 5. Bb5 g6 6. O-O Bg7 7. d3 Ne7 8. Qe1 O-O
9. Qh4 a6 10. f5 exf5 11. Bxc6 Nxc6 12. Bg5 f6 13. Bd2 fxe4 14. Nxe4 b6 15. Bh6
d5 16. Bxg7 Kxg7 17. Ng3 Ne7 18. Rae1 Ra7 19. c4 dxc4 20. dxc4 Nf5 21. Nxf5+
Bxf5 22. Rd1 Rd7 23. Rxd7+ Qxd7 24. Qf4 Rd8 25. Nh4 Qd4+ 26. Qxd4 Rxd4 27. Nxf5+
gxf5 28. b3 Kg6 29. Re1 b5 30. cxb5 axb5 31. Rc1 c4 32. bxc4 bxc4 33. a4 c3 34.
Rxc3 Rxa4 35. g3 Ra2 36. Rc4 Kg5 37. Rb4 Re2 38. Rc4 Re4 39. Rc7 h6 40. Rg7+ Kh5
41. Kg2 Rg4 42. Rf7 Kg6 43. Rf8 f4 44. Kf3 h5 45. gxf4 Kf5 46. Ke3 Rh4 47. Rb8
Rxh2 48. Rb5+ Kg4 49. Rb1 Rh3+ 50. Ke4 Rg3 51. Rh1 f5+ 52. Ke5 Re3+ 53. Kf6 h4
54. Rg1+ Kxf4 55. Rf1+ Rf3 56. Rh1 h3 0-1

[Event "Titled Tue 24th Jun Early"]
[Site "chess.com INT"]
[Date "2025.06.24"]
[Round "4"]
[White "Verbova, Elena"]
[Black "Salonen, Aku"]
[Result "1-0"]
[WhiteTitle "WFM"]
[BlackTitle "FM"]
[WhiteElo "2033"]
[BlackElo "2330"]
[WhiteFideId "14203677"]
[BlackFideId "517577"]
[EventDate "2025.06.24"]

1. c4 e6 2. Nc3 d5 3. d4 Nf6 4. cxd5 exd5 5. Bg5 c6 6. e3 h6 7. Bh4 Be7 8. Bd3
O-O 9. Nf3 Re8 10. O-O Nbd7 11. Rb1 a5 12. Qc2 Nh5 13. Bxe7 Qxe7 14. Na4 g6 15.
Rbc1 Ng7 16. Nd2 Ne6 17. Rfe1 Nf6 18. Nb6 Rb8 19. Nb3 Ng5 20. Qc5 Qd8 21. Nxa5
h5 22. Nxc8 Qxc8 23. Qd6 Kg7 24. Qf4 Ne6 25. Qf3 Qc7 26. Nb3 Ra8 27. a3 Qb6 28.
Rc3 Ng5 29. Qd1 h4 30. h3 Nfe4 31. Rc1 Re6 32. f3 Ng3 33. Nc5 Re7 34. Qd2 Rae8
35. e4 f6 36. e5 Qc7 37. f4 Nh7 38. Qc2 fxe5 39. Bxg6 Nf6 40. Bxe8 Rxe8 41. fxe5
Nfh5 42. Qd1 Rf8 43. Ne6+ Kg8 44. Nxc7 Nf4 45. Qg4+ 1-0

[Event "Titled Tue 24th Jun Early"]
[Site "chess.com INT"]
[Date "2025.06.24"]
[Round "4"]
[White "Shangin, Lev"]
[Black "Kourkoulos-Arditis, Stamatis"]
[Result "0-1"]
[BlackTitle "GM"]
[WhiteElo "2169"]
[BlackElo "2580"]
[WhiteFideId "55681085"]
[BlackFideId "4221990"]
[EventDate "2025.06.24"]

1. d4 c5 2. d5 g6 3. e4 Bg7 4. Nc3 d6 5. Nf3 Nf6 6. Nd2 O-O 7. Be2 e6 8. O-O
exd5 9. exd5 Nbd7 10. a4 a6 11. h3 Re8 12. Re1 b6 13. Nc4 Ne5 14. Nxe5 dxe5 15.
Bg5 e4 16. Bc4 h6 17. Bxf6 Bxf6 18. Nxe4 Bxb2 19. Rb1 Bg7 20. d6 Be6 21. Bxe6
Rxe6 22. Qd5 a5 23. Rxb6 Kh7 24. Rb7 Kg8 25. Rxf7 Kxf7 26. Nxc5 Qxd6 27. Qb7+
Qe7 28. Qd5 Rd8 29. Qc4 Rd6 30. Nxe6 Rxe6 31. Qf4+ Bf6 32. Rf1 Kg7 33. Qb8 Rd6
34. Qb5 Qc7 35. c4 Rc6 36. Rc1 Rc5 37. Qb3 h5 38. Qd3 Rc6 39. Qd5 Rc5 40. Qd3
Qe7 41. Qb3 Qe6 42. Qb7+ Kh6 43. Qb3 Bd4 44. Qd3 Qf6 45. Rf1 Rf5 46. Qd2+ Kg7
47. Qc2 Bc5 48. Qd2 Rf4 49. Qd7+ Kh6 50. Qd5 Qd4 51. Qg8 Rxf2 52. Rxf2 Qxf2+ 53.
Kh2 Qg1+ 54. Kg3 Qe3+ 55. Kh2 Bd6+ 56. g3 Qxg3+ 57. Kh1 Qh2# 0-1

[Event "Titled Tue 24th Jun Early"]
[Site "chess.com INT"]
[Date "2025.06.24"]
[Round "4"]
[White "Mostertman, Milan"]
[Black "Linares Orellana, Hector Jose"]
[Result "1/2-1/2"]
[WhiteTitle "FM"]
[BlackTitle "FM"]
[WhiteElo "2231"]
[BlackElo "2111"]
[WhiteFideId "1025848"]
[BlackFideId "7304307"]
[EventDate "2025.06.24"]

1. c4 e6 2. g3 d5 3. Bg2 Nf6 4. b3 Be7 5. Bb2 c5 6. cxd5 exd5 7. Nf3 Nc6 8. O-O
O-O 9. d4 Bf5 10. Nc3 Nb4 11. Rc1 Rc8 12. a3 Nc6 13. dxc5 Bxc5 14. Nxd5 Qxd5 15.
Qxd5 Bxf2+ 16. Rxf2 Nxd5 17. Ng5 Ne3 18. Bxc6 bxc6 19. Bd4 f6 20. Bxe3 fxg5 21.
Bxg5 Be4 22. Rxf8+ Rxf8 23. Bf4 h6 24. h4 Rf5 25. b4 a5 26. Rc5 axb4 27. axb4
Rxc5 28. bxc5 Kf7 29. Kf2 Ke6 30. Ke3 Bd5 31. Bd6 g5 32. Bf8 gxh4 33. gxh4 h5
34. Kf4 Kf6 35. Bd6 Bh1 36. Bc7 Bd5 37. Bd8+ Kg6 38. e4 Bc4 39. Ke5 Bd3 40. Kd4
Be2 41. e5 Kf5 42. Bf6 Bf3 43. Kc3 Bd5 44. Kb4 Be6 45. Ka5 Bd5 46. Kb6 Ke6 47.
Kc7 Kf5 48. Kd8 Ke6 49. Ke8 Bf3 50. Kf8 Bd5 51. Kg7 Bf3 52. Kh6 Kd5 53. Kg5 Ke6
54. Kg6 Be2 55. Kg5 Bd1 56. Kh6 Be2 57. Kg7 Bd1 58. Kf8 Be2 59. Ke8 Bf3 60. Kd8
Bg2 61. Kc7 Bf3 62. Kb6 Bg2 63. Ka5 Bf3 64. Kb4 Bg2 65. Ka3 Bd5 66. Kb2 Bf3 67.
Kc3 Bd5 68. Kd4 Bh1 69. Bg7 Bd5 70. Bf8 Bf3 71. Bd6 Bd1 72. Ke3 Bg4 73. Kf4 Bd1
74. Kg5 Bg4 75. Kg6 Bd1 76. Kg5 Bg4 77. Kf4 Bd1 78. Ke3 Bg4 79. Kd2 Bf3 80. Ke3
Bg4 1/2-1/2

[Event "Titled Tue 24th Jun Early"]
[Site "chess.com INT"]
[Date "2025.06.24"]
[Round "4"]
[White "Vignesh, N R"]
[Black "Sipila, Vilka"]
[Result "1/2-1/2"]
[WhiteTitle "GM"]
[BlackTitle "IM"]
[WhiteElo "2531"]
[BlackElo "2465"]
[WhiteFideId "25012215"]
[BlackFideId "505455"]
[EventDate "2025.06.24"]

1. d4 g6 2. e4 Bg7 3. Nf3 b6 4. Nc3 Bb7 5. Bd3 e6 6. O-O Ne7 7. Qe2 O-O 8. Bf4
Nbc6 9. e5 d6 10. Rad1 Nb4 11. Bc4 d5 12. Bb5 c6 13. a3 Nxc2 14. Qxc2 cxb5 15.
Nxb5 Ba6 16. Qa4 Bxb5 17. Qxb5 Qe8 18. Qa6 Qc8 19. Qe2 Qc4 20. Qd2 Rfc8 21. Bg5
Nc6 22. Bf6 Na5 23. Bxg7 Kxg7 24. Qf4 Qc2 25. Qf6+ Kg8 26. g4 h6 27. h4 Qe4 28.
Kh2 Qxg4 29. Rg1 Qf5 30. Qxf5 exf5 31. e6 Rc2 32. exf7+ Kh7 33. Ne5 Rxf2+ 34.
Kg3 Rxb2 35. Nd7 Kg7 36. f8=Q+ Rxf8 37. Nxf8 Kxf8 38. Kf4 Kf7 39. h5 gxh5 40.
Rdf1 Kf6 41. Rg8 Nc6 42. Rf8+ Ke7 43. Rxf5 Nxd4 44. Rxd5 Ne6+ 45. Kf5 Rg2 46.
Re1 Rg5+ 47. Ke4 Kf6 48. Rf1+ Ke7 49. Re5 Kd6 50. Rd1+ Ke7 51. Rh1 Kf6 52. Rxg5
Nxg5+ 53. Kd5 Kg6 54. Kc6 Nf3 55. Kb7 Kg5 56. Kxa7 Kg4 57. Kxb6 Ne5 58. a4 h4
59. a5 Nc4+ 60. Kb5 Nxa5 61. Kxa5 h3 62. Rg1+ Kf3 63. Rg6 h5 64. Rf6+ Kg2 65.
Rg6+ Kf2 66. Rf6+ Kg2 67. Rg6+ Kf2 68. Rf6+ Kg2 1/2-1/2

[Event "Titled Tue 24th Jun Early"]
[Site "chess.com INT"]
[Date "2025.06.24"]
[Round "4"]
[White "Aadya, Gupta"]
[Black "Begunov, Konstantin"]
[Result "0-1"]
[WhiteTitle "WFM"]
[BlackTitle "FM"]
[WhiteElo "1923"]
[BlackElo "2325"]
[WhiteFideId "25778293"]
[BlackFideId "4118510"]
[EventDate "2025.06.24"]

1. d4 d5 2. c4 c6 3. Nf3 Nf6 4. g3 Bg4 5. Ne5 Bf5 6. Bg2 e6 7. O-O Nbd7 8. Nxd7
Qxd7 9. b3 Bd6 10. Ba3 Bxa3 11. Nxa3 O-O 12. cxd5 exd5 13. Nc2 a5 14. Ne1 Rfe8
15. Nd3 Bxd3 16. Qxd3 Ne4 17. f3 Nd6 18. e4 dxe4 19. fxe4 Rad8 20. Rad1 Nb5 21.
d5 cxd5 22. exd5 Nd6 23. Rfe1 Rxe1+ 24. Rxe1 Re8 25. Rxe8+ Qxe8 26. Kf2 Qe5 27.
Qe3 Qf6+ 28. Ke2 g6 29. Qf4 Qb2+ 30. Qd2 Qa1 31. Qxa5 Nf5 32. Qd2 Qg1 33. Kd3
Qxh2 34. Qf2 Kf8 35. g4 Nd6 36. Kc2 h5 37. gxh5 gxh5 38. a4 h4 39. Kc3 h3 40.
Qf6 hxg2 41. Qd8+ Ne8 42. d6 g1=Q 43. Qe7+ Kg7 44. d7 Qgg3+ 45. Kc4 Qc7+ 46. Kb5
Nd6+ 47. Kb4 Qf4+ 48. Ka3 Qf6 0-1

[Event "Titled Tue 24th Jun Early"]
[Site "chess.com INT"]
[Date "2025.06.24"]
[Round "4"]
[White "Indjic, Aleksandar"]
[Black "Shuvalova, Polina"]
[Result "0-1"]
[WhiteTitle "GM"]
[BlackTitle "IM"]
[WhiteElo "2661"]
[BlackElo "2480"]
[WhiteFideId "911925"]
[BlackFideId "24171760"]
[EventDate "2025.06.24"]

1. e4 c6 2. Nf3 d5 3. Nc3 Bg4 4. h3 Bxf3 5. Qxf3 e6 6. g3 Nd7 7. Bg2 Bc5 8. d3
Ne7 9. Qe2 d4 10. Nb1 h5 11. f4 Bb4+ 12. Nd2 e5 13. f5 g5 14. O-O f6 15. Nf3 Qc7
16. a3 Bd6 17. Nxg5 fxg5 18. f6 O-O-O 19. Bxg5 Ng6 20. h4 Rdf8 21. Bh3 Kb8 22.
Rf2 Rf7 23. Raf1 Ndf8 24. Kh1 a6 25. Bf5 Ka7 26. a4 Qb6 27. c3 a5 28. Kg2 Bc5
29. Rf3 Qb3 30. c4 Qxa4 31. R3f2 Qb3 32. Qf3 Qb6 33. Ra1 Bb4 34. Kh2 Qc7 35. Qg2
Qd6 36. Qh3 Kb6 37. Raf1 Ka7 38. Kg2 Kb6 39. Rh1 Ka7 40. Kg1 Kb6 41. Qf1 Ka7 42.
Kg2 Kb6 43. Qe2 Ka7 44. g4 hxg4 45. Qxg4 Rg8 46. Qh5 Rxf6 47. Kh2 Nf4 48. Qf3
N8g6 49. Rg1 Rgf8 50. h5 Ne7 51. Bxf6 Qxf6 52. Qg4 Nxf5 53. exf5 Qxf5 54. Qxf5
Rxf5 55. Kg3 Nxh5+ 56. Kg2 Rxf2+ 57. Kxf2 Nf4 58. Rg3 a4 59. Kf3 Nxd3 60. Ke4
Nxb2 0-1

[Event "Titled Tue 24th Jun Early"]
[Site "chess.com INT"]
[Date "2025.06.24"]
[Round "4"]
[White "Birkisson, Bjorn Holm"]
[Black "Evdokimov, Alexey"]
[Result "0-1"]
[WhiteTitle "CM"]
[BlackTitle "FM"]
[WhiteElo "2128"]
[BlackElo "2205"]
[WhiteFideId "2310600"]
[BlackFideId "24162450"]
[EventDate "2025.06.24"]

1. e4 e6 2. d4 d5 3. Nd2 c5 4. Ngf3 Nf6 5. e5 Nfd7 6. c3 Nc6 7. Bd3 cxd4 8. cxd4
Qb6 9. O-O Nxd4 10. Nxd4 Qxd4 11. Nf3 Qb6 12. a3 Be7 13. b4 O-O 14. Bg5 Qd8 15.
h4 h6 16. Bxe7 Qxe7 17. Rc1 f5 18. exf6 Rxf6 19. Re1 Nf8 20. Ne5 a5 21. b5 Qxa3
22. Rc7 Qd6 23. Qc2 a4 24. Rxc8 Rxc8 25. Qxc8 a3 26. Qxb7 Qb4 27. Rf1 Qxh4 28.
b6 Qd4 29. Qc7 a2 30. b7 a1=Q 31. Rxa1 Qxa1+ 32. Kh2 Qd4 33. Nf3 Rxf3 34. gxf3
Qxf2+ 35. Kh1 Qxf3+ 36. Kg1 Qd1+ 37. Kf2 Qxd3 38. b8=Q Qf5+ 39. Ke2 Kh7 40. Qf4
Qc2+ 41. Qd2 Qe4+ 42. Qe3 Qc2+ 43. Kf3 Ng6 44. Qd6 Qd1+ 45. Kf2 Qg4 46. Qdxe6
Qh4+ 47. Kf1 d4 48. Q3e4 Qg5 0-1

[Event "Titled Tue 24th Jun Early"]
[Site "chess.com INT"]
[Date "2025.06.24"]
[Round "4"]
[White "Chen, Ryo"]
[Black "Rudolph, Anna"]
[Result "1-0"]
[WhiteTitle "IM"]
[BlackTitle "WIM"]
[WhiteElo "2395"]
[BlackElo "2198"]
[WhiteFideId "7003072"]
[BlackFideId "14102404"]
[EventDate "2025.06.24"]

1. e4 Nf6 2. e5 Nd5 3. d4 d6 4. c4 Nb6 5. f4 dxe5 6. fxe5 Nc6 7. Nf3 Bf5 8. Be3
e6 9. Nc3 Be7 10. Be2 f6 11. exf6 Bxf6 12. O-O Qe7 13. Qe1 O-O-O 14. Rd1 g5 15.
c5 Nd5 16. Nxd5 exd5 17. Bb5 Bd7 18. Bf2 Qxe1 19. Rfxe1 Rde8 20. Bxc6 Bxc6 21.
Bg3 Rxe1+ 22. Rxe1 Re8 23. Rf1 Bb5 24. Rd1 Re2 25. Be5 Bd8 26. Rd2 Rxd2 27. Nxd2
b6 28. b4 a5 29. bxa5 bxa5 30. Kf2 Kd7 31. Ke3 Ke6 32. Nb1 Bc4 33. Nc3 c6 34. a3
Kf5 35. Na4 g4 36. Bf4 h5 37. Nb6 Bf6 38. g3 Bb3 39. Nd7 Bg7 40. Nb8 Ba4 41. Bc7
Bh6+ 42. Kd3 Bb5+ 43. Kc3 a4 44. Nd7 Be3 45. Ne5 Ke4 46. Nf7 Bxd4+ 47. Kb4 Bf2
48. Nd6+ Kf3 49. Nxb5 cxb5 50. c6 Bg1 51. Bf4 Bb6 52. Kxb5 Bd8 53. Kxa4 d4 54.
Kb3 d3 55. Kc4 Ke2 56. a4 d2 57. Bxd2 Kxd2 58. Kb5 Ke3 59. a5 Kf2 60. a6 Kg2 61.
a7 Kxh2 62. a8=Q Bc7 63. Qb7 Bxg3 64. c7 Bxc7 65. Qxc7+ g3 66. Qf4 Kh3 67. Qf3
h4 68. Kc4 Kh2 69. Qf4 h3 70. Kd3 Kg2 71. Ke2 Kh2 72. Kf3 Kh1 73. Qxg3 h2 74.
Qg2# 1-0

[Event "Titled Tue 24th Jun Early"]
[Site "chess.com INT"]
[Date "2025.06.24"]
[Round "4"]
[White "Piesik, Piotr"]
[Black "Mummana Venkata Ruthvik"]
[Result "1-0"]
[WhiteTitle "IM"]
[BlackTitle "CM"]
[WhiteElo "2436"]
[BlackElo "2237"]
[WhiteFideId "1136194"]
[BlackFideId "25697307"]
[EventDate "2025.06.24"]

1. Nf3 Nf6 2. g3 g6 3. Bg2 Bg7 4. O-O O-O 5. d4 d6 6. Nbd2 Nc6 7. e4 e5 8. dxe5
dxe5 9. c3 Qd3 10. Re1 Rd8 11. Bf1 Qd6 12. Qc2 Qe7 13. b4 a6 14. Nc4 Bg4 15.
Nfd2 Qe6 16. Ne3 Bh3 17. Bxh3 Qxh3 18. f3 Rd7 19. Ndf1 Rad8 20. Bb2 Bh6 21. Rad1
Ne7 22. Rxd7 Rxd7 23. Rd1 Nh5 24. Rxd7 Qxd7 25. c4 Nc6 26. Nd5 Bg7 27. a3 Nd4
28. Qd1 c6 29. Nb6 Qe6 30. Ne3 Qf6 31. Bxd4 exd4 32. Ng4 Qe6 33. Nf2 f5 34. Qc2
Nf6 35. c5 fxe4 36. Nxe4 Nxe4 37. Qxe4 Qxe4 38. fxe4 d3 39. Kf1 Bb2 40. Nc4 Bc1
41. Ke1 Kf8 42. Kd1 d2 43. Kc2 Ke7 44. a4 Ke6 45. Nxd2 Ba3 46. Kc3 Bc1 47. Nc4
Kd7 48. Kd4 Bh6 49. e5 Bf8 50. Ke4 Ke6 51. Nd6 b6 52. cxb6 Bxd6 53. exd6 Kxd6
54. Kd4 Ke6 55. Kc5 Kd7 56. a5 g5 57. g4 h6 58. h3 Kc8 59. Kxc6 Kb8 60. b7 Ka7
61. Kc7 h5 62. b8=Q# 1-0

[Event "Titled Tue 24th Jun Early"]
[Site "chess.com INT"]
[Date "2025.06.24"]
[Round "4"]
[White "Nguyen, Ngoc Truong Son"]
[Black "Carnicelli, Valerio"]
[Result "1-0"]
[WhiteTitle "GM"]
[BlackTitle "FM"]
[WhiteElo "2600"]
[BlackElo "2396"]
[WhiteFideId "12401110"]
[BlackFideId "856185"]
[EventDate "2025.06.24"]

1. e4 d6 2. d4 Nf6 3. Nc3 e5 4. dxe5 dxe5 5. Qxd8+ Kxd8 6. Nf3 Bd6 7. Bc4 Be6 8.
Bxe6 fxe6 9. Nd2 a6 10. f3 Nbd7 11. Nc4 Ke7 12. a4 h6 13. Be3 g5 14. h3 Nh5 15.
O-O-O Rhd8 16. h4 Nf4 17. g3 Ng2 18. Bd2 gxh4 19. Rdg1 hxg3 20. Rxg2 Rg8 21.
Rxh6 Raf8 22. Rh7+ Kd8 23. Nxd6 cxd6 24. Rh1 Rxf3 25. Rhg1 Nf6 26. Kd1 Nh5 27.
Ne2 d5 28. Be1 Re3 29. exd5 exd5 30. Bxg3 Kd7 31. Bf2 Rxg2 32. Rxg2 Rh3 33. c3
b5 34. a5 Rh1+ 35. Kc2 Ra1 36. Rg5 Nf6 37. Rxe5 Rxa5 38. Bd4 Ra1 39. Nc1 Kd6 40.
Rg5 Ne4 41. Rg6+ Kd7 42. Nb3 Rf1 43. Nc5+ Nxc5 44. Bxc5 a5 45. Rb6 Kc7 46. Rxb5
a4 47. Ra5 Kc6 48. Bd4 Ra1 49. Rc5+ Kd6 50. Rb5 a3 51. b4 Kc6 52. Ra5 Rh1 53.
Kb3 1-0

[Event "Titled Tue 24th Jun Early"]
[Site "chess.com INT"]
[Date "2025.06.24"]
[Round "4"]
[White "Kornev, Alexei"]
[Black "Yatskar, Martin"]
[Result "1-0"]
[WhiteTitle "GM"]
[BlackTitle "CM"]
[WhiteElo "2500"]
[BlackElo "2225"]
[WhiteFideId "4120949"]
[BlackFideId "34109676"]
[EventDate "2025.06.24"]

1. d4 d5 2. c4 e6 3. Nc3 c5 4. cxd5 exd5 5. Nf3 Nf6 6. g3 Nc6 7. Bg2 Be7 8. O-O
O-O 9. dxc5 Bxc5 10. Na4 Be7 11. Be3 Bg4 12. Rc1 Qd7 13. Bc5 Rfe8 14. Bxe7 Qxe7
15. h3 Bxf3 16. Bxf3 Rad8 17. Nc5 Ne5 18. Bg2 h5 19. e3 Rc8 20. Nb3 h4 21. g4
Rxc1 22. Qxc1 Nc4 23. Nd4 Qe5 24. b3 Nd6 25. Nf3 Qe7 26. Qc5 Rc8 27. Qxa7 Nfe4
28. Qd4 Rc2 29. Qxd5 Rxa2 30. Qe5 Qxe5 31. Nxe5 Rb2 32. Nf3 Rxb3 33. Nxh4 Nc3
34. Ra1 g6 35. Nf3 Ndb5 36. Ra8+ Kg7 37. Rb8 Rb1+ 38. Kh2 Nd6 39. g5 Rb2 40. Ne5
Rxf2 41. Ng4 Rf5 42. h4 Nce4 43. Bxe4 Nxe4 44. Rxb7 Kf8 45. Rb8+ Ke7 46. Rb7+
Kf8 47. Rb4 Nd6 48. Rd4 Ke7 49. Nf6 Ra5 50. e4 Ra2+ 51. Kg3 Ra3+ 52. Kf4 Rh3 53.
Kg4 Re3 54. Ra4 Re1 55. Rb4 Ke6 56. Rb6 Rd1 57. Ne8 Ke5 58. Nxd6 Rxd6 59. Rxd6
Kxd6 60. Kf3 Kc5 61. Ke3 Kc4 62. Kf4 Kd4 63. Kf3 Kd3 64. h5 gxh5 65. e5 h4 66.
Kg4 Ke4 67. e6 fxe6 68. g6 h3 69. Kxh3 1-0

[Event "Titled Tue 24th Jun Early"]
[Site "chess.com INT"]
[Date "2025.06.24"]
[Round "4"]
[White "Mishra, Manoj"]
[Black "Vlassov, Nikolai"]
[Result "1-0"]
[WhiteTitle "CM"]
[BlackTitle "IM"]
[WhiteElo "1941"]
[BlackElo "2291"]
[WhiteFideId "5006007"]
[BlackFideId "4103360"]
[EventDate "2025.06.24"]

1. d4 Nf6 2. Bg5 e6 3. e3 h6 4. Bh4 c5 5. Nd2 b6 6. Ngf3 Bb7 7. Nc4 g5 8. Bg3
Ne4 9. Be5 f6 10. Bg3 d5 11. Ncd2 h5 12. Nxe4 dxe4 13. Ng1 cxd4 14. Bxb8 Rxb8
15. Bb5+ Kf7 16. Qxd4 Qxd4 17. exd4 e3 18. f3 g4 19. Ke2 Bh6 20. Bd3 Rhg8 21. g3
h4 22. Be4 gxf3+ 23. Bxf3 Ba6+ 24. Ke1 hxg3 25. Ne2 g2 26. Rg1 Bb7 27. Bxb7 Rxb7
28. d5 exd5 29. Rd1 Rd7 30. Ng3 Bf4 31. Rxg2 Bxg3+ 32. hxg3 d4 33. Ke2 Ke6 34.
c3 dxc3 35. Rxd7 Kxd7 36. bxc3 Re8 37. g4 Kd6 38. Rg3 Re4 39. g5 f5 40. g6 f4
41. g7 fxg3 42. g8=Q Re7 43. Qxg3+ Kc5 44. Qg5+ Kd6 45. Qf6+ Re6 46. Qd4+ Kc6
47. Qc4+ Kd6 48. Qb4+ Kc6 49. Qa4+ Kc5 50. Qxa7 1-0

[Event "Titled Tue 24th Jun Early"]
[Site "chess.com INT"]
[Date "2025.06.24"]
[Round "4"]
[White "Pontes, Luiz Felizola Lima"]
[Black "Sagalchik, Gennadij"]
[Result "0-1"]
[BlackTitle "GM"]
[WhiteElo "2062"]
[BlackElo "2434"]
[WhiteFideId "44709919"]
[BlackFideId "2007916"]
[EventDate "2025.06.24"]

1. e4 e5 2. Nf3 Nc6 3. Bb5 a6 4. Ba4 Nf6 5. O-O Nxe4 6. d4 b5 7. Bb3 d5 8. dxe5
Be6 9. c3 Be7 10. Nbd2 Nc5 11. Bc2 Bg4 12. Re1 Qd7 13. Nb3 Ne6 14. Nbd4 Ncxd4
15. cxd4 Bxf3 16. gxf3 c5 17. Be3 cxd4 18. Bxd4 Rc8 19. Rc1 Bg5 20. Be3 d4 21.
Bd2 O-O 22. Kh1 Rfd8 23. Rg1 d3 24. Bb3 Rxc1 25. Qxc1 Bxd2 26. Qxd2 Qb7 27. Rg3
g6 28. Qh6 d2 29. Bd1 Qc7 30. Rh3 Qxe5 31. Qxh7+ Kf8 32. Qh8+ Qxh8 33. Rxh8+ Ke7
34. Rxd8 Kxd8 35. Kg1 Nf4 36. h4 Ke7 37. b3 Kd6 38. Kh2 f6 39. Kg3 g5 40. hxg5
fxg5 41. Kg4 Ne6 42. f4 gxf4 43. Kf3 b4 44. Ke2 Ke5 45. Kxd2 Kd4 46. Be2 a5 47.
Bf1 Nc5 48. Bc4 Ne4+ 49. Ke2 Nc3+ 50. Kf3 Ke5 51. Kg2 Nxa2 52. Kf1 Nc3 53. f3
Kd4 54. Bg8 Ke3 55. Kg2 Ne2 56. Kf1 Nd4 57. Bd5 Kd2 58. Kf2 Kc3 59. Ke1 Nxb3 60.
Bxb3 Kxb3 61. Kd2 a4 62. Kc1 a3 63. Kd2 a2 0-1

[Event "Titled Tue 24th Jun Early"]
[Site "chess.com INT"]
[Date "2025.06.24"]
[Round "4"]
[White "Liashkevich, Lizaveta"]
[Black "Zhigalko, Sergei"]
[Result "0-1"]
[WhiteTitle "WFM"]
[BlackTitle "GM"]
[WhiteElo "2204"]
[BlackElo "2572"]
[WhiteFideId "13518658"]
[BlackFideId "13502956"]
[EventDate "2025.06.24"]

1. d4 Nf6 2. Nf3 e6 3. c4 b6 4. a3 Ba6 5. Qb3 Be7 6. Nc3 d5 7. cxd5 Nxd5 8. e4
Bxf1 9. Kxf1 Nxc3 10. bxc3 O-O 11. g3 Qc8 12. Kg2 Qb7 13. Re1 Nd7 14. Bf4 Nf6
15. Bg5 Rfe8 16. Bxf6 Bxf6 17. c4 Rad8 18. Rad1 h6 19. d5 a6 20. a4 Qa8 21. Re2
e5 22. Rb1 Rb8 23. Rc2 Rec8 24. Qe3 Qa7 25. Ne1 Be7 26. Nd3 Bd6 27. a5 Rb7 28.
Rcb2 Rcb8 29. Rb3 f6 30. f3 Kh7 31. Qf2 Be7 32. Qb2 Qa8 33. axb6 Rxb6 34. Qc3
Qa7 35. c5 Rxb3 36. Rxb3 Rxb3 37. Qxb3 Bxc5 38. Qc4 Bd6 39. Qc6 a5 40. Qa4 Qa6
41. Nf2 Qa7 42. Nd3 Qa8 43. Nb2 Bc5 44. Nc4 Bb4 45. Qb5 Qa7 46. Qa4 Qd4 47. Nxa5
Qd2+ 48. Kh3 Bxa5 49. Qd7 Qb4 50. Qf5+ Kg8 51. Qe6+ Kf8 52. Qc8+ Kf7 53. Qe6+
Kf8 54. Qc8+ Ke7 55. Qg8 Kd7 56. Qe6+ Kd8 0-1